[Event "Wch U14 Girls"]
[Site "Montesilvano"]
[Date "2023.11.13"]
[Round "1"]
[White "Yu, Avery"]
[Black "Poetscher, Katharina"]
[Result "0-1"]
[WhiteElo "1861"]
[BlackElo "1345"]
[PlyCount "132"]
[EventDate "2023.11.13"]
[EventType "swiss"]
[EventRounds "11"]
[EventCountry "ITA"]
[SourceTitle "CB48_2023"]
[SourceDate "2023.11.29"]
[SourceVersion "1"]
[SourceVersionDate "2023.11.29"]
[SourceQuality "1"]

1. e4 c5 2. Nf3 a6 3. d4 cxd4 4. Nxd4 Nf6 5. Nc3 e5 6. Nb3 Bb4 7. Qf3 d6 8. Bd2 Nc6 9. a3 Bg4 10. Qd3 Bc5 11. f3 Be6 12. Ne2 Bb6 13. Bg5 Bc7 14. 0-0-0 Rc8 15. Kb1 0-0 16. f4 exf4 17. Nxf4 Bg4 18. Re1 Ne5 19. Qe3 Bb6 20. Nd4 h6 21. Bxf6 Qxf6 22. Nd5 Qd8 23. h3 Bh5 24. g4 Bg6 25. Rd1 Re8 26. Qf4 Bxd4 27. Rxd4 Nc6 28. Rd2 Rxe4 29. Qf2 Re6 30. Bg2 Ne7 31. Nb4 Rc7 32. Rhd1 Rd7 33. Qg3 a5 34. Nd3 Bxd3 35. Rxd3 d5 36. g5 hxg5 37. Qxg5 Rg6 38. Qd2 Rgd6 39. c4 d4 40. c5 Rg6 41. Be4 Rh6 42. Rg1 Re6 43. Qg2 Ng6 44. Bf5 Re3 45. Rxe3 dxe3 46. Bxd7 Qxd7 47. Qe4 Qe7 48. Rg4 f5 49. Qd5+ Kh8 50. Rxg6 e2 51. Re6 e1Q+ 52. Rxe1 Qxe1+ 53. Ka2 Qe4 54. Qxe4 fxe4 55. Kb3 Kh7 56. Kc3 Kg6 57. Kd4 Kf5 58. Ke3 a4 59. h4 g6 60. Ke2 Kf4 61. Kf2 e3+ 62. Ke2 Ke4 63. Ke1 Kd3 64. Kd1 e2+ 65. Ke1 Ke3 66. c6 bxc6 0-1

[Event "EU Union-ch U14 20th"]
[Site "Mureck"]
[Date "2023.08.02"]
[Round "1"]
[White "Poetscher, Katharina"]
[Black "Biro, Beata"]
[Result "0-1"]
[WhiteElo "1277"]
[BlackElo "1624"]
[PlyCount "54"]
[EventDate "2023.08.02"]
[EventType "swiss"]
[EventRounds "9"]
[EventCountry "AUT"]
[SourceTitle "EXT 2024"]
[Source "ChessBase"]
[SourceDate "2023.10.10"]
[SourceVersion "1"]
[SourceVersionDate "2023.10.10"]
[SourceQuality "1"]

1. e4 c5 2. c3 d5 3. exd5 Qxd5 4. d4 Nc6 5. dxc5 Qe5+ 6. Be2 Nf6 7. Be3 Bf5 8. Nf3 Qc7 9. 0-0 e5 10. Na3 a6 11. Nc4 Rd8 12. Qa4 Ng4 13. b4 e4 14. g3 exf3 15. Bxf3 Nxe3 16. Nxe3 Be6 17. Rfe1 Be7 18. Qc2 0-0 19. Nf5 Bxf5 20. Qxf5 g6 21. Qc2 Bf6 22. Bg2 a5 23. Rab1 axb4 24. cxb4 Nd4 25. Qe4 Rd7 26. Red1 Re7 27. Qd5 Ne2+ 0-1

[Event "AUT-ch U16/18 Girls"]
[Site "St Veit"]
[Date "2023.04.03"]
[Round "3"]
[White "Mohr, Sarah"]
[Black "Poetscher, Katharina"]
[Result "0-1"]
[WhiteElo "800"]
[BlackElo "1145"]
[PlyCount "78"]
[EventDate "2023.04.02"]
[EventType "swiss"]
[EventRounds "7"]
[EventCountry "AUT"]
[SourceTitle "EXT 2024"]
[Source "ChessBase"]
[SourceDate "2023.10.10"]
[SourceVersion "1"]
[SourceVersionDate "2023.10.10"]
[SourceQuality "1"]

1. e4 c5 2. c3 d5 3. d3 Nc6 4. Nf3 dxe4 5. Nh4 e5 6. Be2 Qxh4 7. g3 Qd8 8. dxe4 Qxd1+ 9. Bxd1 Nf6 10. Bf3 Bh3 11. Be3 h6 12. Nd2 g5 13. 0-0-0 g4 14. Be2 Bg2 15. Rhe1 h5 16. Bg5 Nxe4 17. Nxe4 Bxe4 18. Bb5 f6 19. Bxf6 Bh6+ 20. f4 gxf3+ 21. Rd2 Bxd2+ 22. Kxd2 Rh6 23. Bxe5 Rd8+ 24. Ke3 Bf5 25. Rf1 Bg4 26. Bf4 Re6+ 27. Kf2 Kf7 28. Bc4 Rde8 29. b3 Kf6 30. a3 R6e7 31. Bd6 Rd7 32. Bf4 a6 33. b4 b5 34. Bb3 c4 35. Bd1 Rd3 36. Bc2 Re2+ 37. Kg1 Rxc2 38. Re1 f2+ 39. Kf1 Bh3# 0-1

[Event "Styrian op U14/18 28th"]
[Site "Mureck"]
[Date "2022.08.08"]
[Round "6"]
[White "Engel, Samuel"]
[Black "Poetscher, Katharina"]
[Result "0-1"]
[WhiteElo "940"]
[BlackElo "1097"]
[PlyCount "65"]
[EventDate "2022.08.03"]
[EventType "swiss"]
[EventRounds "9"]
[EventCountry "AUT"]
[SourceTitle "EXT 2023"]
[Source "ChessBase"]
[SourceDate "2022.10.05"]
[SourceVersion "1"]
[SourceVersionDate "2022.10.05"]
[SourceQuality "1"]

1. e4 e6 2. d4 d5 3. exd5 exd5 4. Nf3 Nf6 5. Nc3 c6 6. Bd3 Bd6 7. Bg5 0-0 8. 0-0 Be6 9. Re1 Nbd7 10. Ne5 Qc7 11. Qe2 h6 12. Bh4 Qb6 13. Nxd7 Nxd7 14. Rab1 Qxd4 15. Bg3 Bxg3 16. hxg3 Nf6 17. Red1 Qb6 18. b4 Bg4 19. Na4 Qc7 20. f3 Bd7 21. Qf2 b6 22. Nc3 Rfe8 23. a3 Re7 24. Ne2 Rae8 25. Nf4 g5 26. Nh3 c5 27. bxc5 bxc5 28. Bb5 d4 29. Bxd7 Nxd7 30. Re1 Qa5 31. Rxe7 Rxe7 32. Rb7 Qxa3 33. f4 0-1

[Event "Steyr Landesliga 2122"]
[Site "Austria"]
[Date "2022.01.15"]
[Round "3.8"]
[White "Schernthaner, Tim"]
[Black "Poetscher, Katharina"]
[Result "0-1"]
[WhiteElo "950"]
[BlackElo "998"]
[PlyCount "22"]
[EventDate "2021.10.16"]
[EventType "team-tourn"]
[EventRounds "11"]
[EventCountry "AUT"]
[SourceTitle "EXT 2023"]
[Source "ChessBase"]
[SourceDate "2022.10.05"]
[SourceVersion "1"]
[SourceVersionDate "2022.10.05"]
[SourceQuality "1"]
[WhiteTeam "Baernbach"]
[BlackTeam "Gratwein Strassengel"]
[WhiteTeamCountry "AUT"]
[BlackTeamCountry "AUT"]

1. e4 e6 2. d4 d5 3. Nd2 c5 4. exd5 Qxd5 5. dxc5 Bxc5 6. Ne2 Nf6 7. b3 Nc6 8. Bb2 Ng4 9. Ne4 Qxe4 10. f3 Bf2+ 11. Kd2 Qe3# 0-1

[Event "Styrian op U08/12 27th"]
[Site "Mureck"]
[Date "2021.08.07"]
[Round "4"]
[White "Poetscher, Katharina"]
[Black "Hutterer, Valentin"]
[Result "1/2-1/2"]
[WhiteElo "998"]
[BlackElo "975"]
[PlyCount "53"]
[EventDate "2021.08.04"]
[EventType "swiss"]
[EventRounds "9"]
[EventCountry "AUT"]
[SourceTitle "EXT 2022"]
[Source "ChessBase"]
[SourceDate "2021.10.06"]
[SourceVersion "1"]
[SourceVersionDate "2021.10.06"]
[SourceQuality "1"]

1. e4 d5 2. exd5 Qxd5 3. Nc3 Qa5 4. Nf3 Bf5 5. Bc4 e6 6. 0-0 Nf6 7. d4 c6 8. Re1 Bd6 9. Nh4 Bg6 10. Nxg6 hxg6 11. h3 Nbd7 12. d5 cxd5 13. Bxd5 Nxd5 14. Qxd5 Qxd5 15. Nxd5 0-0-0 16. Nc3 Rde8 17. Be3 a6 18. Re2 Kb8 19. Rae1 Rc8 20. Bd4 Rhg8 21. Ne4 Bc5 22. Bc3 Ka8 23. Ng5 Rcf8 24. Nh7 Rc8 25. Ng5 Rcf8 26. Nh7 Rc8 27. Ng5 1/2-1/2